| 000 | 009550000a22002770004500 | ||
|---|---|---|---|
| 090 |
_aMM _b00214 |
||
| 245 | 1 | 0 |
_aCondor versión 1.1 _suna herramienta de análisis regional para el desarrollo sostenible en la región Andina |
| 300 | _bCD-ROM | ||
| 500 | _aRequerimientos del sistema: Procesador Pentium, Windows 95 o superiores | ||
| 650 | 1 | 4 |
_aSistemas de información geográfica _992253 |
| 650 | 1 | 4 |
_aProyectos viales _950288 |
| 650 | 1 | 4 |
_aEvaluación de impacto ambiental _93619 |
| 650 | 1 | 4 |
_aAnálisis temprano del impacto _9101051 |
| 650 | 1 | 4 |
_aRegión Andina _9101052 |
| 651 | 4 |
_pVenezuela _992749 |
|
| 651 | 4 |
_pColombia _992749 |
|
| 651 | 4 |
_pEcuador _992749 |
|
| 651 | 4 |
_pPerú _992749 |
|
| 651 | 4 |
_pBolivia _992749 |
|
| 041 | 0 | _aEspañol | |
| 710 | 1 |
_aCorporación Andina de Fomento _sCAF _947450 |
|
| 110 | 1 |
_aConservation International _912638 |
|
| 260 |
_as.l. _bConservation International _c1999 |
||
| 260 | _bCAF | ||
| 942 | _cCD-ROM | ||
| 999 |
_c16589 _d16589 |
||